000 00339nam a2200133Ia 4500
005 20251222155124.0
008 251222s9999||||xx |||||||||||||| ||spa||
082 _aANT.09.3
100 _aCABIESES Fernando.
245 0 _aII Congreso Internacional de Medicinas Tradic.
250 _aLima ed.
264 _bCongreso Internc.
942 _cLIB
999 _c38570
_d38570